Largest Metro Areas in the Middle East - Statistics

General Stats
  • This quiz has been taken 30 times
  • The average score is 19 of 25
Answer Stats
Population Answer % Correct
10,500,000 Riyadh
97%
15,519,267 Istanbul
93%
17,672,000 Tehran
93%
4,156,900 Tel Aviv
93%
3,789,860 Abu Dhabi
90%
10,500,000 Baghdad
90%
20,439,541 Cairo
90%
2,900,000 Damascus
90%
2,382,000 Doha
90%
2,380,000 Kuwait City
90%
4,984,387 Alexandria
86%
4,642,000 Amman
86%
5,663,322 Ankara
86%
5,640,000 Dubai
86%
4,697,000 Jeddah
86%
2,042,000 Mecca
86%
2,167,000 Sana'a
83%
2,098,210 Aleppo
76%
4,394,694 Izmir
72%
2,742,800 Dammam
55%
2,989,070 Isfahan
52%
2,047,969 Gaza City
48%
3,750,000 Mosul
48%
3,600,650 Mashhad
41%
2,050,300 Irbid
3%
No matching quizzes found
Score Distribution
Percent of People with Each Score
Percentile by Number Answered
Your Score History
You have not taken this quiz